[Event "Sampa Chess Open 2024"]
[Site "Sao Paulo"]
[Date "2024.02.01"]
[Round "5.37"]
[White "Re, Vinicius"]
[Black "Munhoz, Joao Pedro"]
[Result "0-1"]
[WhiteElo "1177"]
[BlackElo "1608"]
[PlyCount "74"]
[EventDate "2024.01.29"]
[EventRounds "9"]
[EventCountry "BRA"]

1. e4 c5 2. Nf3 Nc6 3. d4 cxd4 4. Nxd4 g6 5. Be3 Bg7 6. Nc3 Nf6 7. Bc4 O-O 8.
O-O d6 9. Nf3 Bg4 10. h3 ({RR} 10. Be2 Rc8 11. h3 Bxf3 12. Bxf3 a6 13. Qd2 Ne5
14. Be2 Nc4 15. Bxc4 Rxc4 16. f3 b5 17. a3 Qd7 18. Rad1 Qb7 19. Qf2 b4 20. axb4
Qxb4 21. Rb1 Rfc8 22. Bd2 Qb7 23. Rfc1 Ne8 24. Kh1 e6 {Phan,T (1561)-Thai,N 
(1311) Ho Chi Minh City VIE 2018 0-1 (66)}) 10... Bxf3 11. Qxf3 Ne5 12. Qe2
Nxc4 $146 ({RR} 12... Rc8 13. Bb3 a6 14. Rad1 Nc6 15. Qd2 Na5 16. Bd5 b5 17.
Bh6 Nc4 18. Bxc4 Rxc4 19. Bxg7 Kxg7 20. Rfe1 Qa8 21. e5 dxe5 22. Rxe5 Ne4 23.
Nxe4 Rxe4 24. Rxe4 Qxe4 25. Qd4+ Qxd4 26. Rxd4 e6 27. Rd6 {Popal,Z (995)-Weiss,
C (1091) Dittrichshuette 2004 1-0 (56)}) 13. Qxc4 Qa5 14. Rad1 Rfc8 15. Qb3 Rc7
16. Nd5 Nxd5 17. Rxd5 Qa6 18. Rfd1 Qc4 19. Qxc4 Rxc4 20. c3 Rxe4 21. Bd4 Bxd4
22. R1xd4 Rxd4 23. Rxd4 Rc8 24. Rb4 Rc7 25. Re4 e6 26. c4 Kf8 27. Rd4 Ke7 28.
b3 e5 29. Rh4 h5 30. f4 Ke6 31. Kf2 b5 32. Kf3 bxc4 33. bxc4 f5 34. fxe5 dxe5
35. Ke3 f4+ 36. Kd3 Kf5 37. g3 Rh7 0-1

[Event "Sampa Chess Open 2024"]
[Site "Sao Paulo"]
[Date "2024.02.01"]
[Round "5.39"]
[White "Terra, Bruno De Oliveira"]
[Black "Mattos, Bernardo Cunha"]
[Result "0-1"]
[WhiteElo "1800"]
[BlackElo "1567"]
[PlyCount "86"]
[EventDate "2024.01.29"]
[EventRounds "9"]
[EventCountry "BRA"]

1. d4 {Finkel,A} d5 2. Bf4 c5 3. e3 Nc6 4. Nf3 Nf6 5. h3 ({RR} 5. Bb5 Bg4 ({RR
} 5... Qa5+ 6. Nc3 Ne4 7. O-O Nxc3 8. Bxc6+ bxc6 9. Qd2 ({RR} 9. bxc3 Qxc3 10.
Qd2 Qxd2 11. Nxd2 Bf5 12. c3 cxd4 13. exd4 e6) 9... Ne2+ 10. Qxe2 Ba6) 6. Nbd2
({RR} 6. O-O e6 7. h3 Bh5 8. g4 Nxg4 9. hxg4 Bxg4 10. Be2 g5 11. Bh2 Bh3 12.
Re1 g4 13. Ne5 Rg8 14. Qd3) 6... cxd4 7. exd4 Qb6 8. c4 a6 ({RR} 8... dxc4 9.
a4 e6 10. O-O Be7 11. Nxc4 Qd8 12. Nce5) 9. Ba4 Bxf3 10. Qxf3 e6 ({RR} 10...
Qxd4 11. Qb3 b5 12. cxb5 Qxf4 13. bxc6 ({RR} 13. b6) 13... Qe5+ 14. Kf1 Qc7 15.
Qb7 Rc8 16. Qxa6) 11. O-O Be7 12. Qb3 Qa7 ({RR} 12... Qxb3 13. axb3 O-O 14.
Bxc6 bxc6 15. Ra4 Ra7 16. Rfa1 Rfa8 17. Nf3 Nd7) 13. c5 O-O 14. Bxc6 ({RR} 14.
Qd3 Rac8 15. a3) 14... bxc6 15. h3 Nd7 16. Qa4 Rfc8 17. b4 ({RR} 17. Nb3 Qb7
18. Na5 Qb5 19. Qxb5 axb5 20. b4 Bf6 21. Rfd1 e5) 17... Bd8 18. Rab1 Bc7 19.
Bxc7 Qxc7 {Nogueiras Santiago,J (2533)-Bruzon Batista,L (2669) Santa Clara
2005 CBM 107 [Finkel,A] 0-1 (47)}) 5... Qb6 ({RR} 5... e6 6. Bd3 Bd6 7. dxc5
Bxc5 8. O-O Bd6 9. Nc3 a6 10. Re1 Bb8 11. Bxb8 Rxb8 12. e4 d4 13. Ne2 e5 14. c3
dxc3 15. Nxc3 Be6 16. Qe2 O-O 17. Rad1 Qa5 18. Bc4 Rbd8 19. Bxe6 fxe6 20. Qc4)
6. b3 ({RR} 6. Qc1 cxd4 7. exd4 Nxd4 8. Nbd2 ({RR} 8. Nxd4 Qxd4 9. Be3 Qe5 10.
Nd2 e6 11. Nf3 Qc7 12. c4 Bb4+ 13. Nd2 O-O 14. cxd5 Qxc1+ 15. Rxc1 Nxd5 16. Bc4
Nxe3 17. fxe3 Rd8 18. Rc2 b5 19. Bxb5 Bb7 20. Ke2 Bxg2 21. Rh2 Bd5 22. a3 Bd6)
8... Nxf3+ 9. Nxf3 Bf5 10. Be2 e6 11. O-O Bc5 12. Bd3 Bxd3 13. cxd3 O-O 14. d4
Bd6 15. Bxd6 Qxd6 16. Re1 Rfc8 17. Qd2 Ne4 18. Qe2 Rc7 19. Rac1 Rac8 20. Rxc7
Qxc7 {Cunha,P (1151)-Machado,L (1737) Florianopolis 2024 0-1 (45)}) ({RR} 6.
Nc3 c4 7. Rb1 e6 8. Be2 Bb4 9. O-O Bxc3 10. bxc3 Qa5 11. Qe1 O-O 12. Bd6 Rd8
13. Bb4 Nxb4 14. Rxb4 Qxa2 15. Ne5 Qxc2 16. Bd1 Qc1 17. f3 a5 18. Ra4 Bd7 19.
Ra2 b5 20. g4 b4) 6... Bf5 7. Be2 $146 ({RR} 7. a3 cxd4 8. exd4 e6 9. Be2 Be4
10. Be3 Bd6 11. O-O O-O 12. Nbd2 Rac8 13. c4 Bb8 14. Re1 Rfd8 15. c5 Qc7 16.
Nf1 e5 17. b4 a5 18. b5 Bxf3 19. bxc6 Bxe2 20. Rxe2 Qxc6 21. Rb1 Ne4 {Abdulla,
O (2019)-Magana,B (2032) Istanbul 2012 0-1 (62)}) ({RR} 7. Bd3 Ne4 8. dxc5 Qxc5
9. O-O g6 10. a3 Bg7 11. Ra2 e5 12. Bh2 O-O 13. Nfd2 Rad8 14. Bxe4 dxe4 15. Qe2
Qe7 16. Nc3 Qh4 17. Bg3 Qh6 18. Ncxe4 Bxh3 19. gxh3 f5 20. Nc5 f4 21. Ne6 fxg3
{Svanda,R (1814)-Uhmann,J (1989) Tabor 2010 1/2-1/2 (60)}) ({RR} 7. Nh4 Be4 8.
f3 Bg6 9. Nxg6 hxg6 10. c3 e6 11. Be2 Nh5 12. Bh2 Be7 13. O-O Bh4 14. f4 Ng3
15. Bxg3 Bxg3 16. Nd2 Rc8 17. Rc1 Bh4 18. Nf3 Be7 19. Qd3 O-O 20. Qb5 Qxb5 21.
Bxb5 cxd4 {Junker,B (1643)-Sauer,A (1886) Duisburg Wohndorf Laar 2009 0-1 (36)}
) 7... Qa5+ 8. Qd2 Qxd2+ 9. Nbxd2 cxd4 10. Nxd4 Nxd4 11. exd4 Bxc2 12. Rc1 Bf5
13. Rc7 Rc8 14. Bb5+ Kd8 15. Rxc8+ Bxc8 16. Ke2 a6 17. Bd3 e6 18. Rc1 Ne8 19.
Nf3 f6 20. h4 Bd6 21. Be3 Bd7 22. a4 Nc7 23. Bd2 Bc6 24. g4 Ke7 25. g5 e5 26.
gxf6+ gxf6 27. dxe5 fxe5 28. Bg5+ Kf7 29. Nd2 e4 30. Nxe4 dxe4 31. Bc4+ Bd5 32.
Rd1 Bxc4+ 33. bxc4 Ke6 34. Rb1 Rb8 35. Ke3 Kf5 36. Rd1 Ne8 37. Rd5+ Kg6 38.
Kxe4 Rc8 39. Kd4 b6 40. h5+ Kg7 41. Rf5 Bc5+ 42. Ke5 h6 43. Bh4 Rc6 0-1

[Event "Sampa Chess Open 2024"]
[Site "Sao Paulo"]
[Date "2024.02.01"]
[Round "5.40"]
[White "Alves, Josue Flor De Souza"]
[Black "Akamine, Isabelle Namie Nish"]
[Result "1-0"]
[WhiteElo "1551"]
[BlackElo "1800"]
[PlyCount "25"]
[EventDate "2024.01.29"]
[EventRounds "9"]
[EventCountry "BRA"]

1. e4 c5 2. d4 cxd4 3. c3 dxc3 4. Nxc3 d6 5. Bc4 Nf6 6. e5 dxe5 7. Bxf7+ Kxf7
8. Qxd8 Nc6 9. Qd1 b6 10. Nf3 Bb7 11. Qb3+ Ke8 12. O-O g6 $146 ({RR} 12... Nd4
13. Nxd4 exd4 14. Qa4+ Kd8 15. Qxd4+ Ke8 16. Rd1 g6 17. Bg5 Bg7 18. Bxf6 Bxf6
19. Qd7+ Kf8 20. Qxb7 Kg7 21. Nd5 Rhe8 22. Nc7 Rab8 23. Nxe8+ Rxe8 24. Rd7 Kf8
25. Re1 Kf7 26. Qd5+ Kf8 27. Qe6 {Kende,M (2034)-Fekete,A Hungary 2009 1-0})
13. Re1 1-0

[Event "Sampa Chess Open 2024"]
[Site "Sao Paulo"]
[Date "2024.02.01"]
[Round "5.43"]
[White "Jorge, Denrick Cabral Jose"]
[Black "Sulz, Isaque Sathler"]
[Result "1-0"]
[WhiteElo "1874"]
[BlackElo "1516"]
[PlyCount "101"]
[EventDate "2024.01.29"]
[EventRounds "9"]
[EventCountry "BRA"]

1. e4 c5 2. Nf3 g6 3. d4 cxd4 4. Nxd4 Nc6 5. Nc3 Bg7 6. Be3 Nf6 7. Nxc6 bxc6 8.
e5 Nd5 9. Nxd5 cxd5 10. Qxd5 Rb8 11. O-O-O Bb7 12. Qd2 Bxe5 13. Bd4 ({RR} 13.
Bxa7 Ra8 14. Qe3 Qc7 15. Bb6 Qb8 16. Kb1 Bf4 17. Qb3 O-O 18. Be3 Bxe3 19. Qxe3
Qc7 20. a3 e5 21. c4 Rfb8 22. h4 Bc6 23. Rd2 Qb7 24. f3 h5 25. Be2 Ra6 26. Rc1
e4 27. f4 Rb6 {Moranda,W (2623)-Plat,V (2548) Terme Catez SLO 2021 1-0 (48)})
13... Bxd4 14. Qxd4 O-O 15. Qxd7 Qb6 $146 ({RR} 15... Qa5 16. Bc4 Bxg2 17. Rhg1
Bf3 18. Rd3 Be4 19. Rc3 Qb6 20. b3 Qf6 21. Rgg3 Rfd8 22. Qxa7 Ra8 23. Qc7 Bxc2
24. Rgf3 Bf5 25. a4 e6 26. Bd3 Qd4 27. Bxf5 Qd2+ 28. Kb1 exf5 29. Qf4 Qe2 30.
Rc2 {Radulov,I-Forintos,G Hungary 1969 0-1 (40)}) 16. Qd4 Qa5 17. a3 Rfd8 18.
Qg4 Rxd1+ 19. Qxd1 Rd8 20. Qe2 Rd6 21. c3 Re6 22. Qd2 Rd6 23. Qf4 g5 24. Qg4
Qd5 25. Bc4 Qd2+ 26. Kb1 Rb6 27. b3 h5 28. Qd4 Qxd4 29. cxd4 Bxg2 30. Re1 e6
31. Re5 f6 32. Bxe6+ Kg7 33. Re3 Kg6 34. Bc4 Rd6 35. Re7 Rxd4 36. Bf7+ Kf5 37.
Bxh5 Rh4 38. Bd1 Rxh2 39. Bc2+ Kf4 40. Rf7 Ke5 41. Rxa7 Bd5 42. Re7+ Kf4 43.
Re2 Kf3 44. Rd2 Bf7 45. Bd1+ Kf4 46. b4 Rh1 47. Kb2 Ke5 48. b5 Rh8 49. Bf3 f5
50. b6 Rb8 51. b7 1-0

[Event "Sampa Chess Open 2024"]
[Site "Sao Paulo"]
[Date "2024.02.01"]
[Round "5.44"]
[White "Van Riemsdijk, Dirk D."]
[Black "Nicacio, Daniel Ramos"]
[Result "1-0"]
[WhiteElo "1789"]
[BlackElo "1479"]
[PlyCount "109"]
[EventDate "2024.01.29"]
[EventRounds "9"]
[EventCountry "BRA"]

1. e4 e5 2. f4 Nc6 3. Nf3 d6 4. Bc4 Be6 5. Bxe6 fxe6 6. fxe5 ({RR} 6. d3 Nf6 7.
Nc3 a6 8. fxe5 dxe5 9. h3 h6 10. Be3 Be7 11. a3 b6 12. Qe2 Bc5 13. Bxc5 bxc5
14. Rd1 Nh5 15. Qf2 Qe7 16. O-O O-O 17. Qh4 Qxh4 18. Nxh4 Ng3 19. Rf3 Rxf3 20.
Nxf3 Rf8 {Villoen,S (1071)-Shiane,R (921) Gauteng 2017 1-0 (37)}) 6... dxe5 7.
d3 Nf6 8. Be3 $146 ({RR} 8. Bg5 Bc5 9. Nbd2 O-O 10. Qe2 a5 11. O-O-O a4 12. Nc4
a3 13. b3 b5 14. Ncd2 Bd4 15. Nf1 Qd6 16. Be3 Qc5 17. Qd2 Ng4 18. Nxd4 Nxd4 19.
c3 Nxe3 20. Nxe3 Rf6 21. b4 Qd6 22. Rhf1 Rxf1 {Weston,R (2180)-Robertson,I 
(2200) Edinburgh 1996 1-0 (48)}) ({RR} 8. Bg5 Be7 9. h3 Nd7 10. Bxe7 Qxe7 11.
Nbd2 Nb6 12. a3 g5 13. b4 a6 14. Nb3 Nd7 15. Qd2 h6 16. g4 O-O-O 17. Qe3 Nb6
18. Nc5 Nd4 19. Nxd4 exd4 20. Qd2 Qd6 21. O-O-O Rhf8 22. Rhf1 {1/2-1/2 (22)
Armbruster,W-Kuhn,A Gladenbach 1999}) 8... Qd7 9. Nbd2 O-O-O 10. Nc4 Ng4 11.
Bg1 Bd6 12. Qe2 h5 13. h3 Nh6 14. Bh2 Nf7 15. c3 g5 16. O-O-O g4 17. Nh4 Qe7
18. g3 Nh6 19. hxg4 Nxg4 20. Bg1 b5 21. Nxd6+ Qxd6 22. Kb1 b4 23. d4 bxc3 24.
Qa6+ Kb8 25. bxc3 Ne7 26. Qa4 Qc6 27. Qxc6 Nxc6 28. d5 exd5 29. exd5 Ne7 30. c4
Nc8 31. Kc2 Nd6 32. Rb1+ Ka8 33. Rb4 Rb8 34. Ra4 Rb7 35. Ng6 Rh7 36. c5 Rg7 37.
c6 Rb5 38. Rxh5 Nf6 39. Nxe5 Nxh5 40. Bxa7 Rxd5 41. Nd7 Rxd7 42. cxd7 Nf7 43.
g4 Kb7 44. gxh5 Rxh5 45. Rf4 Rd5 46. Rxf7 Kxa7 47. Kc3 Kb7 48. Kc4 Rd6 49. Kc5
Rd1 50. a4 Rd2 51. a5 Rd6 52. a6+ Kxa6 53. Rf6 Rxf6 54. d8=Q Rf1 55. Qd3+ 1-0

[Event "Sampa Chess Open 2024"]
[Site "Sao Paulo"]
[Date "2024.02.01"]
[Round "5.45"]
[White "Brujin, Homero"]
[Black "Desideri, Ricardo Maruchi"]
[Result "0-1"]
[WhiteElo "1479"]
[BlackElo "1959"]
[PlyCount "76"]
[EventDate "2024.01.29"]
[EventRounds "9"]
[EventCountry "BRA"]

1. d4 {Krasenkow,M} Nf6 2. Nf3 g6 3. g3 Bg7 4. Bg2 O-O 5. O-O d5 6. c3 c5 7.
dxc5 Nbd7 ({RR} 7... a5 8. Be3 ({RR} 8. Nd4 e5 9. Nb5 Na6 10. Bg5 e4 11. Bf4
Bd7 12. N1a3 b6 13. cxb6 Qxb6 14. c4 dxc4 15. Nd6) ({RR} 8. c4 Na6 9. Nc3 dxc4
10. Ne5 Nxc5 11. Be3 Nfe4 12. Nxe4 Nxe4 13. Nxc4 Nd6 14. Nxd6 Qxd6 15. Qxd6
exd6 16. Rad1) 8... Nc6 ({RR} 8... Ng4 9. Qd2) 9. Na3 a4 10. Qc1 e5 11. Rd1 Qe7
12. Nb5 Be6 13. Ng5 ({RR} 13. Nd6 b6) 13... Bg4 14. Nd6 ({RR} 14. f3 Bc8 15.
Nd6 h6 16. Nh3 Bxh3 17. Bxh3 b6) 14... h6 ({RR} 14... Bxe2 15. Rxd5 Nxd5 16.
Bxd5 Nd8 17. Qc2 Bg4 18. Qe4) 15. Nf3 Kh7 ({RR} 15... b6 16. Ne1 ({RR} 16. Bxh6
bxc5) 16... e4 ({RR} 16... Bxe2 17. Rxd5 Nxd5 18. Bxd5 bxc5 19. Bxc5 Ra5 20.
Qe3) 17. f3 exf3 18. exf3 Be6 19. Nd3) 16. h3 Be6 17. b4 ({RR} 17. Ne1) 17...
axb3 18. axb3 Rxa1 19. Qxa1 Ne4 20. Nd2 f5 ({RR} 20... Nxd6 21. cxd6 Qxd6 22.
Nc4 Qd8 23. Bc5 Rg8 ({RR} 23... Re8 24. Nd6 Bf8 25. Nxb7 Qb8 26. Qa6) 24. Bxd5
Bxd5 25. e4 Nd4 26. exd5 Nxb3 27. Qa3 Qc8 28. Qxb3 Qxc5 29. d6) ({RR} 20... d4
21. Bxe4 ({RR} 21. N2xe4 dxe3 22. fxe3 f5 23. Nd2 e4) 21... dxe3 22. fxe3 Bxh3)
21. N2xe4 dxe4 ({RR} 21... fxe4 22. Qb1 h5 23. c4 d4 24. Bc1) 22. Qb1 {Carlsen,
M (2881)-Caruana,F (2783) Shamkir 2014 CBM 160 [Krasenkow,M] 1-0 (49)}) ({RR} 
7... Nc6 8. Qb3 Qa5 9. Qa3 Qc7 10. Bg5 Ne4 11. Be3 e5 12. Nbd2 f5 13. Rad1 Nf6
14. b4 Re8 15. Nb3 Ne4 16. b5 Ne7 17. Qc1) ({RR} 7... Qc7 8. b4 e5 9. Bb2 Rd8
10. Nbd2 Bf5 11. Qb3 ({RR} 11. c4) 11... Nc6 12. a3 b6 13. cxb6 axb6 14. Rfd1
h6 15. e3 Be6 16. Qc2) ({RR} 7... a5 8. c4 Na6 9. Nc3 dxc4 10. Qxd8 Rxd8 11.
Ne5 Nxc5 12. Be3 Nfe4 13. Nxe4 Nxe4 14. Nxc4 Nd6 15. Nb6 Rb8 16. Nd5 Be6 17.
Nxe7+ Kf8 18. Nd5 Bxb2 19. Rab1 Nc4 20. Bc5+ Kg7 21. e4 Bxd5 22. exd5 {Ali
Marandi,C (2538)-Ouellet,M (2182) Dulles USA 2022 0-1 (72)}) 8. Nbd2 Nxc5 9.
Re1 $146 ({RR} 9. Nb3 Nfe4 10. Nxc5 Nxc5 11. Be3 b6 {1/2-1/2 (11) Zabystrzan,P
(2261)-Kratochvil,K (2231) Czechia 2013}) 9... Re8 10. Nb3 Ncd7 11. Nfd2 Nb6
12. e4 e5 13. exd5 Nbxd5 14. Nc4 e4 15. Qc2 Bf5 16. Ne3 Nxe3 17. Bxe3 Ng4 18.
Qd2 Nxe3 19. Qxe3 Kh8 20. Nd2 Qd3 21. Qxd3 exd3 22. f4 Bf8 23. Be4 Bc5+ 24. Kh1
Bg4 25. Bf3 Bf5 26. g4 Bd7 27. h3 Be3 28. Nc4 Bxf4 29. Re4 Rxe4 30. Bxe4 Bc6
31. Bxc6 bxc6 32. Rf1 d2 33. Rd1 Re8 34. Nxd2 Rd8 35. Kg2 Rxd2+ 36. Rxd2 Bxd2
37. Kf3 Kg7 38. Ke4 Kf6 0-1

[Event "Sampa Chess Open 2024"]
[Site "Sao Paulo"]
[Date "2024.02.01"]
[Round "5.49"]
[White "Nunes, Rafael Klanfer"]
[Black "Dionisio, Alex Monteiro"]
[Result "1-0"]
[WhiteElo "1789"]
[BlackElo "1514"]
[PlyCount "87"]
[EventDate "2024.01.29"]
[EventRounds "9"]
[EventCountry "BRA"]

1. e4 c5 2. Nf3 d6 3. Bc4 e6 4. d3 Nf6 5. O-O a6 6. Nbd2 Be7 7. c3 b5 8. Bb3
Bb7 9. Re1 O-O 10. d4 $146 ({RR} 10. Bc2 Qc7 11. Nf1 Nbd7 12. Bg5 Nb6 13. Qe2
a5 14. d4 b4 15. e5 dxe5 16. Nxe5 bxc3 17. bxc3 cxd4 18. cxd4 Ba6 19. Qd1 Nbd5
20. Rc1 Qd6 21. Qf3 h6 22. Bd2 Nb4 23. Bxb4 axb4 24. Nc6 Bb7 {Saric,K (2148)
-Purgar,I (2023) Sibenik 2007 0-1 (37)}) ({RR} 10. Bc2 Qc7 11. d4 cxd4 12. Nxd4
Nc6 13. N4f3 Rac8 14. a3 Nd7 15. Nf1 Nce5 16. Nxe5 Nxe5 17. Bf4 Ng6 18. Qd2
Rcd8 19. Re2 Nxf4 20. Qxf4 Qc4 21. Re3 Qc5 22. Rg3 Qh5 23. Rh3 Qg5 24. Qxg5
Bxg5 {Tuente,H (1267)-Hertzfeldt,L (1349) Gross Doelln 2010 1/2-1/2 (53)})
10... cxd4 11. cxd4 Nbd7 12. Bc2 Rc8 13. Nf1 Qc7 14. Re2 Rfe8 15. Bd3 Bf8 16.
Ng3 g6 17. h3 Bg7 18. Be3 Qb8 19. Rc1 Rxc1 20. Qxc1 Rc8 21. Rc2 e5 22. d5 Rxc2
23. Qxc2 Qc8 24. Nd2 Nc5 25. Be2 Na4 26. Qb1 h5 27. Bd1 h4 28. Ne2 Nd7 29. Bxa4
bxa4 30. Qc1 Qxc1+ 31. Nxc1 f5 32. f3 Kf7 33. Nc4 Bf8 34. Ne2 fxe4 35. fxe4 Nf6
36. Nc3 Nxe4 37. Nxe4 Bxd5 38. Ng5+ Ke8 39. b3 Be7 40. Nf3 axb3 41. axb3 Kf7
42. Kf2 Ke6 43. Bg5 Bxf3 44. Bxe7 1-0

[Event "Sampa Chess Open 2024"]
[Site "Sao Paulo"]
[Date "2024.02.01"]
[Round "5.53"]
[White "Leon Lopes, Sergio Amadeus"]
[Black "Leal, Alexandre Garcia"]
[Result "1-0"]
[WhiteElo "1858"]
[BlackElo "1899"]
[PlyCount "41"]
[EventDate "2024.01.29"]
[EventRounds "9"]
[EventCountry "BRA"]

1. c4 Nf6 2. Nc3 e6 3. Nf3 d5 4. e3 Be7 5. b3 O-O 6. d4 c5 7. cxd5 Nxd5 ({RR} 
7... cxd4 8. Qxd4 exd5 9. Be2 Nc6 10. Qd3 Bg4 11. O-O Bxf3 12. Bxf3 Ne5 13. Qd1
Bb4 14. Bb2 Rc8 15. Nb5 Nxf3+ 16. Qxf3 a6 17. Bxf6 Qxf6 18. Qxf6 gxf6 19. Nd4
Bc3 20. Rad1 Bxd4 21. Rxd4 Rc2 22. a4 {Le,Q (2712)-Sargissian,G (2686) Dubai
2014 1-0 (79)}) 8. Nxd5 exd5 $146 ({RR} 8... Qxd5 9. Bc4 Qd8 10. O-O Nc6 11.
Bb2 cxd4 12. Nxd4 Nxd4 13. Bxd4 Bf6 14. Bxf6 Qxf6 15. Qd6 Rd8 16. Qc7 Rd7 17.
Qc5 Qd8 18. Rac1 b6 19. Qe5 Bb7 20. Bb5 Rd5 21. Qc7 Qb8 22. a4 a6 23. Be2 {
Zhang,X (2053)-Skaslien,I (1875) Mumbai IND 2019 1/2-1/2 (53)}) 9. Bd3 Bg4 10.
dxc5 Bxc5 11. O-O Nc6 12. Bb2 d4 13. Qc2 dxe3 14. Bxh7+ Kh8 15. Qxc5 exf2+ 16.
Rxf2 Kxh7 17. Qc3 f6 18. Nh4 Qd5 19. Qg3 Ne5 20. Raf1 Rad8 21. Bxe5 1-0

[Event "Sampa Chess Open 2024"]
[Site "Sao Paulo"]
[Date "2024.02.01"]
[Round "5.55"]
[White "De Oliveira, Lucas Silva"]
[Black "Fernandez Barrero, Javier"]
[Result "0-1"]
[WhiteElo "1800"]
[BlackElo "1743"]
[PlyCount "80"]
[EventDate "2024.01.29"]
[EventRounds "9"]
[EventCountry "BRA"]

1. d4 Nf6 2. c4 g6 3. Nf3 Bg7 4. g3 O-O 5. Bg2 d6 6. O-O c5 7. d5 e5 8. Nc3 Ne8
9. e4 f5 ({RR} 9... Na6 10. Ne1 Bd7 11. a3 Nac7 12. Nd3 b5 13. cxb5 Nxb5 14.
Nxb5 Bxb5 15. a4 Ba6 16. b3 f5 17. f3 Nf6 18. Ra3 Rb8 19. Rf2 Qb6 20. a5 Qb5
21. Bf1 Qb7 22. Bg2 fxe4 23. fxe4 Qb5 24. Rf3 {Maiorov,N (2517)-Grigoryan,K 
(2608) Figueira da Foz POR 2019 0-1}) 10. Qb3 $146 ({RR} 10. Ne1 Nf6 11. Nd3
Nbd7 12. f4 exf4 13. Nxf4 Ne5 14. Ne6 Bxe6 15. dxe6 Nxe4 16. Nxe4 fxe4 17. Bxe4
Rxf1+ 18. Qxf1 Qe7 19. Bd5 Kh8 20. Qe2 Rf8 21. Bd2 h5 22. h4 Ng4 23. Bg5 Bd4+
24. Kg2 Bf6 {James,D-Jones,B Morecambe/ Lancashire 1981 1/2-1/2 (32)}) ({RR} 
10. exf5 gxf5 11. Ng5 Nc7 12. Qh5 h6 13. Ne6 Nxe6 14. dxe6 Nc6 15. Bxh6 Bxe6
16. Nd5 Nd4 17. Bg5 Rf6 18. Nxf6+ Bxf6 19. Qg6+ {1-0 (19) Horvath,J (2505)
-Szell,L (2255) Solymar 1996}) ({RR} 10. Ne1 f4 11. Nd3 g5 12. Bd2 Qf6 13. f3
h5 14. a3 Rf7 15. b4 b6 16. bxc5 bxc5 17. Rb1 Na6 18. Kh1 Qh6 19. gxf4 gxf4 20.
Nf2 Bf6 21. Bh3 Bh4 22. Bxc8 Rxc8 23. Rg1+ Kf8 24. Nd3 Qf6 {Kluger,G-Honfi,K
Budapest 1961 0-1 (43)}) 10... f4 11. Bd2 g5 12. Ne1 h5 13. f3 b6 14. a4 a5 15.
Ne2 Ra7 16. Ra3 Bh6 17. Qc2 Na6 18. Nd3 Nb4 19. Nxb4 axb4 20. Rd3 Bd7 21. b3
Qc8 22. Qc1 Bh3 23. Rf2 Rg7 24. Kh1 Kh7 25. Ng1 Bxg2+ 26. Rxg2 Nf6 27. Ne2 Rfg8
28. Kg1 g4 29. Kh1 gxf3 30. Rxf3 Nxe4 31. Qc2 Qf5 32. Kg1 Kh8 33. Bxf4 exf4 34.
Nxf4 Bxf4 35. Rxf4 Qxf4 36. gxf4 Rxg2+ 37. Qxg2 Rxg2+ 38. Kxg2 Nd2 39. Kg3 Nxb3
40. Kh4 Nd4 0-1

[Event "Sampa Chess Open 2024"]
[Site "Sao Paulo"]
[Date "2024.02.01"]
[Round "5.56"]
[White "Santana, Expedito"]
[Black "Baena, Mauricio"]
[Result "1/2-1/2"]
[WhiteElo "1408"]
[BlackElo "1180"]
[PlyCount "91"]
[EventDate "2024.01.29"]
[EventRounds "9"]
[EventCountry "BRA"]

1. d4 g6 2. Bf4 d6 3. e4 Bg7 4. Nf3 Nd7 5. c3 Ngf6 ({RR} 5... e5 6. dxe5 dxe5
7. Bg5 Ngf6 8. Bc4 h6 9. Bh4 Qe7 10. Nbd2 g5 11. Bg3 Nh5 12. Nf1 Nf4 13. Ne3
Nf6 14. Qc2 Bd7 15. O-O-O O-O-O 16. Rhe1 Ng4 17. Bxf4 exf4 18. Nxg4 Bxg4 19. h3
Bh5 20. Rxd8+ {Rakhmangulov,A (2308)-Zubarev,A (2506) Lutsk 2017 1-0 (45)}) ({
RR} 5... e5 6. dxe5 dxe5 7. Bg5 f6 8. Be3 Nh6 9. h3 O-O 10. Bc4+ Nf7 11. Qc2
Qe7 12. O-O Nb6 13. Bb3 Be6 14. Na3 Rfd8 15. Rfd1 c6 16. Rxd8+ Rxd8 17. Rd1 Kf8
18. Ne1 Bxb3 19. axb3 Bh6 20. Bxh6+ {Ivsek,C (1739)-Maes,P (1924) Blankenberge
BEL 2021 0-1 (64)}) 6. Bd3 c6 $146 ({RR} 6... O-O 7. Nbd2 Nh5 8. Be3 e5 9. dxe5
Nxe5 10. Be2 Nxf3+ 11. Bxf3 Nf6 12. O-O Bd7 13. Re1 Bc6 14. Bg5 Qe8 15. Qc2 Nd7
16. g3 Ne5 17. Bg2 a5 18. Nf3 Nxf3+ 19. Bxf3 a4 20. Bg2 Qe5 21. Bf4 {Kozakow,M
(1504)-Sielicki,M Warsaw 2009 1-0}) ({RR} 6... O-O 7. O-O Re8 8. Qb3 e5 9. Bg5
h6 10. Bxf6 Nxf6 11. Nbd2 Rb8 12. Rad1 Be6 13. d5 Bd7 14. c4 Kh7 15. Ne1 Nh5
16. Be2 Nf4 17. Bf3 f5 18. Qc2 Rf8 19. Kh1 a6 20. Nd3 fxe4 21. Bxe4 {Hauck,
B-Wuehl,M Hockenheim 1994 1/2-1/2}) ({RR} 6... O-O 7. h3 c6 8. O-O Qb6 9. Qd2
Re8 10. Na3 Nh5 11. Be3 Qc7 12. Rad1 e5 13. Qc2 Nf8 14. Bc4 b5 15. Bb3 a5 16.
Ng5 d5 17. Nxb5 cxb5 18. Bxd5 Be6 19. Bxa8 Rxa8 20. d5 Bd7 21. Nf3 {Ivanov,V 
(1974)-Vikulin,A (1733) Kondopoga 2012 0-1}) 7. O-O b5 8. a3 Qc7 9. h3 e5 10.
Bh2 Bb7 11. Re1 O-O 12. Nbd2 a6 13. Qc2 Rfe8 14. Qb3 c5 15. Qd1 c4 16. dxe5
dxe5 17. Bc2 Rad8 18. Qe2 Nh5 19. Qe3 h6 20. Nd4 exd4 21. Bxc7 dxe3 22. Rxe3
Rc8 23. Bh2 Be5 24. g3 Nc5 25. f4 Bb8 26. e5 Ba7 27. Kf1 Ng7 28. Rae1 Nd3 29.
Bxd3 Bxe3 30. Rxe3 cxd3 31. Rxd3 Red8 32. Ke2 Rxd3 33. Kxd3 Ne6 34. Nb3 Nc5+
35. Nxc5 Rxc5 36. Bg1 Rd5+ 37. Bd4 Kf8 38. c4 bxc4+ 39. Kxc4 Ke8 40. g4 Kd7 41.
f5 gxf5 42. gxf5 Bc6 43. a4 Ra5 44. b3 Bg2 45. Bc3 Rd5 46. Bd4 1/2-1/2

[Event "Sampa Chess Open 2024"]
[Site "Sao Paulo"]
[Date "2024.02.01"]
[Round "5.57"]
[White "Bomeisel, Pedro Rangel"]
[Black "Akamine, Giullia Hikari Nish"]
[Result "1-0"]
[WhiteElo "1385"]
[BlackElo "1800"]
[PlyCount "67"]
[EventDate "2024.01.29"]
[EventRounds "9"]
[EventCountry "BRA"]

1. e4 c5 2. Nc3 d6 3. g3 Nf6 4. Bg2 e6 5. d3 Be7 6. f4 ({RR} 6. Be3 O-O 7. h3
Nc6 8. Qd2 a6 9. Nge2 Qc7 10. O-O Rb8 11. f4 b5 12. Rae1 b4 13. Nd1 d5 14. e5
Nd7 15. d4 c4 16. c3 bxc3 17. bxc3 Qa5 18. f5 Rd8 19. Bg5 Bxg5 20. Qxg5 Nf8 {
Rodrigues,A (2160)-Kalashnikov,A (2209) ICC INT 2009 1-0 (37)}) 6... O-O 7. Be3
({RR} 7. Nh3 h6 8. O-O Nc6 9. Be3 a6 10. Qd2 Ng4 11. Nf2 Nxe3 12. Qxe3 Nd4 13.
Qd2 Qc7 14. Ncd1 Bd7 15. c3 Nc6 16. Ne3 b5 17. Nfg4 b4 18. f5 h5 19. f6 hxg4
20. Nxg4 Ne5 21. Qg5 Ng6 {Skrijely,E (1682)-Cerquetti,E (1388) Porto Sant
Elpidio 2016 1-0}) 7... Nc6 8. Nf3 b6 $146 ({RR} 8... Qc7 9. O-O Bd7 10. Qd2
Rfe8 11. Qe2 Rac8 12. Rad1 a6 13. d4 cxd4 14. Nxd4 b5 15. a3 Na5 16. Nb3 Nc4
17. Rb1 a5 18. Nd2 Nxe3 19. Qxe3 b4 20. axb4 axb4 21. Na2 Qc5 22. Qxc5 dxc5 23.
Ra1 {Neuwald,J (1277)-Roessler,L (1105) Oberhof 2010 0-1 (36)}) ({RR} 8... Bd7
9. h3 Rb8 10. O-O b5 11. g4 b4 12. Ne2 e5 13. f5 Nd4 14. Ng3 Nxf3+ 15. Rxf3 Ne8
16. Qd2 Bh4 17. g5 f6 18. g6 Bg5 19. Bxg5 fxg5 20. gxh7+ Kxh7 21. Ne2 g6 22.
fxg6+ Kg7 23. Rxf8 {Satre,M-Gade,J (1551) Copenhagen 2010 1-0 (36)}) ({RR} 8...
Bd7 9. d4 cxd4 10. Nxd4 Nxd4 11. Bxd4 Bc6 12. O-O Qc7 13. e5 Nd7 14. Bxc6 bxc6
15. Re1 Rfd8 16. Qg4 dxe5 17. fxe5 c5 18. Be3 Nxe5 19. Qf4 Qb8 20. Kf1 Bd6 21.
Bxc5 Bxc5 22. Qxe5 Bd4 23. Qxb8 {Kantarli,O-Lai,J Kemer 2007 0-1 (66)}) 9. e5
dxe5 10. Nxe5 Qc7 11. Nb5 Qb7 12. Bxc6 Qa6 13. Nc7 Qa5+ 14. Bd2 Rb8 15. Bxa5
bxa5 16. Bf3 Nd7 17. Nc6 Rxb2 18. Nxe7+ Kh8 19. Rb1 Rxa2 20. Rb8 Nxb8 21. Qb1
Ra4 22. Qxb8 g6 23. Nxc8 Kg7 24. Qb2+ Kh6 25. g4 Rxf4 26. g5+ Kxg5 27. Qe5+ Kh6
28. Qxf4+ Kg7 29. Nxa7 Rb8 30. Nxe6+ fxe6 31. Qxb8 Kf7 32. O-O Kg7 33. Be2 a4
34. Qf8# 1-0